000 00615nam a2200205 i 4500
001 bg
100 1 _aCHICZEWSKI, Stanisław
245 0 0 _aŁożyska toczne :
_bkatalog-poradnik /
_cStanisław Chiczewski, Stanisław Kulma, Stanisław Neumann ; Centralne Biuro Konstrukcji Łożysk Tocznych.
260 _aWarszawa :
_b"WEMA",
_c1971.
300 _a646 s. ;
_c24 cm.
650 9 _aŁożyska toczne
655 _aKatalogi
700 1 _aKULMA, Stanisław
700 1 _aNEUMANN, Stanisław
040 _cBPK
041 _apol
080 _a621.82/.85
942 _cKA
008 s pl f |000 0 pol
999 _c7029
_d7029
856 _uhttp://koha.tu.koszalin.pl/cgi-bin/koha/opac-detail.pl?biblionumber=7029
_yKatalog online BPK